Um menino diferente (Registo nº 16639)

Detalhes MARC
000 -Etiqueta do registo
Valores 00532nam a22001931i 4500
010 ## - Número ISBN
ISBN 9789720701008
090 ## -
-- 16639
100 ## - Dados gerais de processamento
Dados gerais 20170304u u u0frey50 ba
101 1# - Língua de publicação
-- por
200 1# - Titulo e menção de responsabilidade
Primeira menção de responsabilidade Maria João Lopo de Carvalho
Título próprio Um menino diferente
210 ## - Publicação
Nome do editor Porto Editora
Local de publicação Porto
Data de publicação 2009
215 ## - Descrição física 
Paginação / Volumes 48, [2] p.
Outras indicações físicas il.
Dimensões 24 cm
606 ## - Nome comum usado como assunto
ID Autoridade 185
Palavra de ordem Literatura infantil
675 ## - CDU
Notação 8:087.5
-- 69
700 #1 - Autor principal (pessoa individual)
Apelido Carvalho
Nome Maria João Lopo de
-- 070
Datas 1962-
701 #1 - Co-autor principal (pessoa individual)
Apelido Costa
Nome J. C. Cintra
-- 440
801 ## - Fonte de origem
País PT
Regras de catalogação RPC
990 ## - Elementos KOHA
Tipo de documento Livro
Exemplares
Situação do levantamento Estado Biblioteca de origem Biblioteca de empréstimo Código de barras Cota Permissão de empréstimo Tipo de documento Nota relativa ao exemplar
  Completo Biblioteca Municipal de Viana Do Alentejo Biblioteca Municipal de Viana Do Alentejo 0022426 8 CAR Disponível Livro 6-10 anos




Powered by Koha